000
00320 a2200157 4500
001
64204
020
_a
8526247263
040
_c
Anchieta - Pituba
100
_a
Alencar, José de
240
1
0
_a
O guarani
_l
por
245
1
0
_a
O guarani
300
_a
87
362
0
_a
1999
650
4
_a
Ficção brasileira
942
_c
BK
999
_c
64204
_d
64204